000 01208nam0a2200361 4500
001 RU\NLR\bibl\359041
005 20250621160036.0
010 _a5-86567-052-X
_92000
021 _aRU
_b2002-55539
_92699
035 _a(NLR Aleph) 000353668
090 _a291806
_c291806
100 _a20030109d2002 |||y0rusy50 ca
101 1 _arus
_ceng
102 _aRU
105 _ay |||||||||
200 1 _aМаркетинг промышленных товаров
_eПер. с англ.
_fГ. Хардинг
210 _aМ.
_cСирин
_cМТ-пресс
_d2002
215 _a272 с.
_d20
225 1 _aКлассика маркетинга
320 _aПредм. указ.: с. 270-271
606 0 _aПромышленные товары
_xМаркетинг
_92276155
_3RU\NLR\auth\661364000
610 0 _aПромышленная продукция - Маркетинг
675 _a658.2:339.138
_v3
_zrus
686 _a06.81
_2rugasnti
686 _a65.290-93
_2rubbk
686 _aУ42(2)151-361.4
700 1 _aХардинг
_bГ.
_4070
801 0 _aRU
_bRKP
_c20030109
_gPSBO
801 1 _aRU
_bRKP
_c20030109
801 2 _aRU
_bNLR
_c20030219
_grcr
942 _cBOOK
980 _aNB